[Event "Biel"]
[Site "Biel"]
[Date "1992.??.??"]
[Round "13"]
[White "Lautier, Joel"]
[Black "Beliavsky, Alexander G"]
[Result "0-1"]
[WhiteElo "2580"]
[BlackElo "2595"]

1.e4 e5 2.Nf3 Nc6 3.d4 exd4 4.Nxd4 Nf6 5.Nxc6 bxc6 6.e5 Ne4 7.Qd4 f5 8.f3 Bc5
9.Qc4 d5 10.Qa4 O-O 11.Qxc6 Qh4+ 12.g3 Nxg3 13.hxg3 Qxg3+ 14.Kd2 Qxf3 15.Qxc5 Qxh1
16.Qf2 Qh6+ 17.Kd1 f4 18.Qf3 c6 19.Bd2 g5 20.Nc3 g4 21.Qg2 Qh4 22.Be1 Qg5
23.Qh1 g3 24.Bd3 h5 25.Nxd5 g2 26.Ne7+ Kf7 27.Qg1 Bg4+ 28.Kc1 f3+ 29.Kb1 Qxe7
30.Qe3 Ke8 31.Bf2 Bf5 32.Bc4 Rd8 33.a3 h4 34.Ka2 Be6 35.Qe4 Bxc4+ 36.Qxc4 h3
37.Bh4 Qd7 38.Rd1 g1=Q 39.Rxd7 Kxd7 40.e6+ Kc7 41.e7 Rde8 42.exf8=Q Rxf8
43.Qb4 Qg8+ 44.b3 Rf7 45.Bf2 Qg6 46.Qc4 Kb7 47.Bg3 a5 48.Bf2 h2 49.Qc5 Kc8
50.Qc4 h1=Q 51.Qa6+ Rb7 52.Qa8+ Kc7 53.Qxa5+ Kd7  0-1

[Event "Biel"]
[Site "Biel"]
[Date "1992.??.??"]
[Round "14"]
[White "Georgiev, Kiril"]
[Black "Karpov, Anatoly"]
[Result "1/2-1/2"]
[WhiteElo "2610"]
[BlackElo "2715"]

1.e4 c6 2.d4 d5 3.Nc3 dxe4 4.Nxe4 Nd7 5.Nf3 Ngf6 6.Nxf6+ Nxf6 7.Bc4 Nd5 8.O-O Bg4
9.h3 Bxf3 10.Qxf3 e6 11.c3 Bd6 12.Re1  1/2-1/2

[Event "Biel"]
[Site "Biel"]
[Date "1992.??.??"]
[Round "14"]
[White "Beliavsky, Alexander G"]
[Black "Miles, Anthony J"]
[Result "0-1"]
[WhiteElo "2595"]
[BlackElo "2595"]

1.d4 Nf6 2.Nf3 g6 3.c4 Bg7 4.Nc3 O-O 5.e4 d6 6.Be2 e5 7.O-O exd4 8.Nxd4 Re8
9.f3 Nh5 10.Be3 f5 11.Qd2 f4 12.Bf2 Be5 13.Rfd1 Qf6 14.Ndb5 Na6 15.Rac1 Be6
16.Na4 Rad8 17.Nxa7 Nc5 18.Nc3 c6 19.b4 Ng3 20.Bd4 Nxe2+ 21.Nxe2 Nd7 22.Bf2 Ra8
23.a4 g5 24.Nd4 g4 25.Nxe6 Qxe6 26.fxg4 Qxg4 27.Qd3 Kh8 28.Qf3 Qg6 29.a5 Rg8
30.b5 c5 31.b6 Rg7 32.Kf1 Nf6 33.Re1 Ng4 34.Bg1 Bd4 35.a6 Ne5 36.Qh3 f3 37.g3 f2
38.Bxf2 Rf8 39.Rc2 Ng4 40.Ree2 Rgf7 41.axb7 Nxf2 42.Qc8 Nd3+ 43.Rf2 Nxf2  0-1

[Event "Biel"]
[Site "Biel"]
[Date "1992.??.??"]
[Round "14"]
[White "Hansen, Curt"]
[Black "Kortschnoj, Viktor"]
[Result "1/2-1/2"]
[WhiteElo "2635"]
[BlackElo "2575"]

1.d4 Nf6 2.Nf3 g6 3.c4 Bg7 4.g3 O-O 5.Bg2 d5 6.cxd5 Nxd5 7.O-O Nb6 8.Nc3 Nc6
9.e3 e5 10.d5 Na5 11.e4 c6 12.Bg5 f6 13.Be3 cxd5 14.Bxb6 Qxb6 15.Nxd5 Qd8
16.Rc1 Nc6 17.Qb3 Rf7 18.Rfd1 Be6 19.h4 Bh6 20.Rc3 Kh8 21.Kh2 Qe8 22.Bh3 Bxh3
23.Kxh3 Qe6+ 24.Kg2 Re8 25.Qc2 Ref8 26.h5 f5 27.hxg6 hxg6 28.Rh1 Kg7 29.Rh4 g5
30.Rxh6 Kxh6 31.Ne3 f4 32.Nf5+ Rxf5 33.exf5 Rxf5 34.Qe4 g4 35.Nh2 Rf7 36.Rd3 Kg7
37.b3 Kf8 38.f3 gxf3+ 39.Nxf3 Rg7 40.Nh4 Rxg3+ 41.Rxg3 fxg3 42.Kxg3 Ke8 43.Qh7 Qf7
44.Qf5 Qg7+ 45.Kf2 Kd8 46.Nf3 Kc7 47.Ke3 Kb6 48.Qe4 Qe7 49.Nd2 Qc5+ 50.Ke2 a6
51.Nc4+ Kc7 52.Qh7+ Kb8 53.Qd7 Ka7 54.Nd6 Nd4+ 55.Kf1 Qc1+ 56.Kg2 Qg5+ 57.Kh3 Qh5+
58.Kg3 Qf3+ 59.Kh4 Qc6 60.Qxc6 Nxc6 61.Kg4 b5 62.Kf5 Kb6 63.Ke4 Kc5 64.Nb7+ Kb4
65.Kd5 Nb8 66.Kxe5  1/2-1/2

[Event "Biel"]
[Site "Biel"]
[Date "1992.??.??"]
[Round "14"]
[White "Shirov, Alexei"]
[Black "Lautier, Joel"]
[Result "1/2-1/2"]
[WhiteElo "2710"]
[BlackElo "2580"]

1.Nf3 Nf6 2.g3 b6 3.Bg2 Bb7 4.O-O e6 5.d3 d5 6.Nbd2 Be7 7.e4 dxe4 8.dxe4 O-O
9.Qe2 Qc8 10.e5 Nfd7 11.Ne4 Na6 12.Bg5 Re8 13.Bxe7 Rxe7 14.Rad1 Nac5 15.Nxc5 Nxc5
16.Nd4 Qe8 17.b4 Bxg2 18.Kxg2 Nb7 19.Qf3 c5 20.Nc6 Rc7 21.b5 a6 22.a4 axb5
23.axb5 Na5 24.Nxa5 Rxa5 25.c4 Ra4 26.Ra1 Rca7 27.Rxa4 Rxa4 28.Rd1 h6 29.Qc6 Qb8
30.f4 g6 31.Kh3 Ra7 32.Rd6 Ra4 33.Kg4 Kf8 34.Rd7 Ra7 35.h4 Rxd7 36.Qxd7 Kg7
37.h5 gxh5+ 38.Kxh5 Qa8 39.Qc6 Qa3 40.Kh4 Qc1  1/2-1/2